UNIVERSAL DESIGN FOR LEARNING (Record no. 26842)

MARC details
000 -LEADER
fixed length control field 00284nam a22001337a 4500
003 - CONTROL NUMBER IDENTIFIER
control field SGT
020 ## - INTERNATIONAL STANDARD BOOK NUMBER
International Standard Book Number 9789391208769
082 ## - DEWEY DECIMAL CLASSIFICATION NUMBER
Classification number 370,CHA
100 ## - MAIN ENTRY--PERSONAL NAME
Personal name CHANDRA, SATISH
245 ## - TITLE STATEMENT
Title UNIVERSAL DESIGN FOR LEARNING
260 ## - PUBLICATION, DISTRIBUTION, ETC. (IMPRINT)
Place of publication, distribution, etc NEW DELHI
Name of publisher, distributor, etc IP
Year of Publication 2023
300 ## - PAGE DESCRIPTION
No. of Pages 159
942 ## - ADDED ENTRY ELEMENTS (KOHA)
Source of classification or shelving scheme Dewey Decimal Classification
Koha item type Books
Holdings
Withdrawn status Lost status Source of classification or shelving scheme Damaged status Not for loan Collection code Home library Current library Shelving location Date acquired Vendor Name Cost, normal purchase price SGTU Bill Number Full call number Accession No. (Barcode) Date last seen Bill Date Koha item type Total Checkouts
    Dewey Decimal Classification   Not For Loan EDUCATION SGT Engineering Library SGT Engineering Library Reference Book 28/08/2024 AHUJA BOOK COMPANY 425.00 SGTU 19161 370,CHA ED5340 28/08/2024 27/06/2024 Books  
    Dewey Decimal Classification     EDUCATION SGT Engineering Library SGT Engineering Library Text Book 28/08/2024 AHUJA BOOK COMPANY 425.00 SGTU 19161 370,CHA ED5341 28/08/2024 27/06/2024 Books  
    Dewey Decimal Classification     EDUCATION SGT Engineering Library SGT Engineering Library Text Book 28/08/2024 AHUJA BOOK COMPANY 425.00 SGTU 19161 370,CHA ED5342 28/08/2024 27/06/2024 Books